Top 4 CONCACAF Nations League - Statistieken

Algemene statistieken
  • Deze quiz is 67 keer genomen
  • De gemiddelde score is 6 van 7
Antwoordstatistieken
Antwoord % Correct
Mexico
98%
Canada
96%
Verenigde Staten
96%
Costa Rica
85%
Panama
83%
Honduras
72%
Jamaica
67%
Geen overeenkomende quizzen gevonden
Scoreverdeling
Procent van Mensen met Elke Score
Percentiel versus Aantal Correcte Antwoorden
Uw Scoregeschiedenis
U heeft deze quiz nog niet genomen